الحركة من الطبيعة إلى ما بعد الطبيعة : (رقم التسجيلة. 2047)

تفاصيل مارك
000 -الفاتح
عناصر البيانات ثابتة الطول 00656cam a2200169 i 4500
005 - تاريخ ووقت آخر معاملة
حقل ضبط 20251112111222.0
008 - عناصر البيانات ثابتة الطول
عناصر البيانات ثابتة الطول 250721s1985 le gr 000 0 ara d
082 14 - رقم تصنيف ديوي العشري
رقم التصنيف 189
رقم المادة معن
100 1# - مدخل رئيسي – اسم شخصي
الاسم الشخصي زياده، معن
علاقة الشخص بالعمل/ دوره مؤلف.
245 12 - بيان العنوان
العنوان الحركة من الطبيعة إلى ما بعد الطبيعة :
بقية العنوان دراسة في فلسفة إبن باجه الأندلسي /
بيان المسؤولية الدكتور معن زيادة.
250 ## - بيان الطبعة
بيان الطبعة الطبعة الأولى.
264 31 - بيانات النشر، التوزيع…إلخ
مكان النشر، التوزيع...إلخ بيروت :
اسم الناشر، الموزع...إلخ دار اقرأ للنشر والتوزيع،
تاريخ النشر، التوزيع...إلخ 1985.
300 ## - الوصف المادي
عدد الوحدات المكونة للوعاء 219 صفحة.
650 17 - مدخل إضافي بالموضوع - مصطلح موضوعي
مصطلح موضوعي أو اسم جغرافي كعنصر مدخل الفلسفة الإسلامية.
942 ## - بيانات إضافية (كوها)
نوع التنصيف Dewey Decimal Classification
نوع المادة (كوها) كتب
المقتنيات
حالة السحب حالة الفقدان مصدر التصنيف حالة التلف غير قابل للإعارة المكتبة الرئيسية المكتبة الحالية موقع الرف تاريخ التزويد الرقم المتسلسل Total Checkouts رقم الإستدعاء الباركود تاريخ آخر ظهور تاريخ الفاتورة نوع المادة (كوها)
    Dewey Decimal Classification     المكتبة المركزية المكتبة المركزية الإعارة 12/07/2004 118212   189 / م ع ن 118212 28/07/2025 12/07/2004 كتب
Implemented & Customized by: BBB with SCIT (Smart Chains for Information Technology)

Powered by Koha